| 000 | 00422nam a2200181Ia 4500 | ||
|---|---|---|---|
| 005 | 20251020182544.0 | ||
| 008 | 200515s9999 xx 000 0 und d | ||
| 082 | _a747/ID29/3 | ||
| 110 | _aIdea Fabrics in decorations : Idea textil decoración | ||
| 245 | 0 | _aTejidos/Fabrics | |
| 260 | _aBarcelona | ||
| 260 | _cs.a. | ||
| 300 | _a119 | ||
| 500 | _a1 ejemplar | ||
| 650 | _aLIB | ||
| 650 | _aTEJIDOS | ||
| 942 | _cLIB | ||
| 999 |
_c2497 _d2497 |
||